000 00819cab a2200241 4500
001 ABS54279
008 090401t1996 xxu||||| |||| 00| 0 eng d
035 _a(Sirsi) u9507
041 _aeng
100 _aSmulian, M.
245 _aSubsidence: lovely weather for underpinning
260 _c1996
350 _a0
490 _aConstruction News
_v(6449) 25 January 1996, 22-23(2)
520 _aInsurance companies such as the Royal are turning away from underpinning preferring remedial methods such as removal of trees and monitoring building movement to meet subsidence claims. Pros and cons of underpinning discussed.
650 _aCRACKING
650 _aDROUGHT
650 _aSUBSIDENCE
650 _aUNDERPINNING
690 _aBUILT ENVIRONMENT-BUILDING INSPECTION
942 _n0
948 _c04/03/1997
999 _c5948
_d5948